Maharashtra Legislature manual (Record no. 491345)

000 -LEADER
fixed length control field 00381cam a22001217a 4500
008 - FIXED-LENGTH DATA ELEMENTS--GENERAL INFORMATION
fixed length control field 180718b1978 xxu||||| |||| 00| 0 eng d
082 ## - DEWEY DECIMAL CLASSIFICATION NUMBER
Classification number G5x5442 M278/1978
245 ## - TITLE STATEMENT
Title Maharashtra Legislature manual
Statement of responsibility, etc. by Legislature Secretariat, Maharashtra
250 ## - EDITION STATEMENT
Edition statement 7th
260 ## - PUBLICATION, DISTRIBUTION, ETC.
Place of publication, distribution, etc. Bombay
Name of publisher, distributor, etc. Legislature Secretariat
Date of publication, distribution, etc. 1978
300 ## - PHYSICAL DESCRIPTION
Extent 345+p.
700 ## - ADDED ENTRY--PERSONAL NAME
Personal name Maharashtra. Legislature Secretariat
Holdings
Withdrawn status Lost status Damaged status Not for loan Permanent Location Current Location Date acquired Full call number Barcode Date last seen Price effective from Koha item type
        Indian Institute of Public Administration Indian Institute of Public Administration 2018-08-04 G5x5442 M278/1978 GG17429 2018-08-04 2018-08-04 GG

Powered by Koha